The Art of Computer Programming (Record no. 840922)

MARC details
000 -LEADER
fixed length control field 00347pam a2200145 a 4500
020 ## - INTERNATIONAL STANDARD BOOK NUMBER
Terms of availability
041 ## - LANGUAGE CODE
Language code of original
082 ## - DEWEY DECIMAL CLASSIFICATION NUMBER
Classification number 5.1
100 ## - MAIN ENTRY--PERSONAL NAME
Personal name KNUTH (Donald E)
Relator term author
245 ## - TITLE STATEMENT
Title The Art of Computer Programming
Medium Textual Document
250 ## - EDITION STATEMENT
Edition statement 3rd
260 ## - PUBLICATION, DISTRIBUTION, ETC.
Name of publisher, distributor, etc. Addison Wesley Publishing Co New York,
Date of publication, distribution, etc. 1997
300 ## - PHYSICAL DESCRIPTION
Extent xix, 650
930 ## - EQUIVALENCE OR CROSS-REFERENCE-UNIFORM TITLE HEADING [LOCAL, CANADA]
Uniform title 10164
Holdings
Withdrawn status Lost status Damaged status Not for loan Collection Home library Current library Date acquired Cost, normal purchase price Total Checkouts Full call number Barcode Date last seen Copy number Price effective from Koha item type
          Institute of Management & Research, New Delhi Institute of Management & Research, New Delhi 19/09/1998 341.00   5.1 IMD-26PB0003791 17/08/2023 4 17/08/2023 Book
          Institute of Management & Research, New Delhi Institute of Management & Research, New Delhi 19/09/1998 341.00   5.1 IMD-26PB0003790 17/08/2023 3 17/08/2023 Book
          Institute of Management & Research, New Delhi Institute of Management & Research, New Delhi 19/09/1998 341.00   5.1 IMD-26PB0003789 17/08/2023 2 17/08/2023 Book
          Institute of Management & Research, New Delhi Institute of Management & Research, New Delhi 19/09/1998 341.00   5.1 IMD-26PB0003788 17/08/2023 1 17/08/2023 Book